| 000 | 00469nam a22001217a 4500 | ||
|---|---|---|---|
| 082 | _a200 THE | ||
| 100 |
_aAMMARA MUSTAFA _973189 |
||
| 245 | _aTH-SOF-1781-Investigation of Effect of Multiple Stepping and Curvature on Metallic Tubes for Crashworthiness Parameters and Energy Absorption Applications | ||
| 260 |
_aISLAMABAD _bNUST COLLEGE OF EME _c2020 |
||
| 650 |
_aMS-MECH-16 _973153 |
||
| 700 |
_aSupervisor ASST. PROF. DR. HASAN AFTAB SAEED _973190 |
||
| 942 |
_cCF _2ddc |
||
| 999 |
_c579016 _d579016 |
||